| 000 | 00603nam a2200193Ia 4500 | ||
|---|---|---|---|
| 005 | 20250423101039.0 | ||
| 008 | 250422s9999 xx 000 0 und d | ||
| 020 | _a9780205830763 | ||
| 050 | _aPE 1421 .W5455/ | ||
| 100 | _aWilliams, Joseph M. | ||
| 245 | 0 | _aStyle : the basics of clarity and grace | |
| 250 | _a4th ed. | ||
| 260 | _aBoston | ||
| 260 | _bLongman | ||
| 260 | _c2012 | ||
| 300 | _a147 p | ||
| 650 | _aEnglish language--Rhetoric. English language--Technical English. English language--Business English. English language--Style. Technical writing. Business writing. | ||
| 942 | _cBK | ||
| 999 |
_c35122 _d35122 |
||